Sborník Slovenskej vysokej školy hospodárskych vied (Slovenskej vysokej školy obchodnej)

Saved in:
Bibliographic Details
Other Authors: Luby, Štefan
Format: Book
Language:Slovak
Published: Bratislava Slovenská vysoká škola obchodná 1949
Subjects:
Tags: Add Tag
No Tags, Be the first to tag this record!

MARC

LEADER 00000nam a2200000 4500
001 0307641
005 20251107112041.1
041 0 |a slo 
044 |a SK 
245 1 0 |a Sborník Slovenskej vysokej školy hospodárskych vied (Slovenskej vysokej školy obchodnej)  |c redigoval: Štefan Luby, rektor 
264 1 |a Bratislava  |b Slovenská vysoká škola obchodná  |c 1949 
300 |a 35 s. 
610 2 0 |a štúdium vysokoškolské 
610 2 0 |a Slovensko 
700 1 |a Luby, Štefan